000 00883nam0a22002411 4500
001 v19\rc\2026003
005 20260407122001.0
035 _a(NLR Aleph) 005106001
090 _a7442322
_c7442322
100 _a20080925d1916 |||y0rusy50 ca
101 0 _arus
102 _aRU
105 _aa z |||||
200 1 _aУстав внутренней службы...
_eУтв. 23 марта 1910 г.
_eВ это изд. внесены все изм., объявл. по 15 сент. 1916
210 _aСанкт-Петербург
_cВ.А. Березовский
_d1916
215 _aVIII, 456 с., 1 л. черт.
_d15
740 1 _aРоссия
_tВоенные уставы и наставления
_3RU\NLR\AUTH\889957977
_9412039
801 0 _aRU
_bNLR
_gpsbo
801 0 _aRU
_bRuMoRGB
_2psbo
801 1 _aRU
_bProSoft-M
_2rusmarc
852 _aNLR
_j128/2625
942 _cBOOK
980 _aNB